|
|
|
|
| LEADER |
01005ncm a2200301 a 4500 |
| 001 |
000848186 |
| 003 |
CZ BrMZK |
| 005 |
20070514093422.0 |
| 007 |
qu |
| 008 |
070413s2003 xr dfzng cze d |
| 040 |
|
|
|a BOA001
|b cze
|
| 048 |
|
|
|a of01
|b vu01
|
| 072 |
|
7 |
|a 784
|x Vokální hudba
|2 Konspekt
|9 9
|
| 080 |
|
|
|a 784.9.085.2
|2 MRF
|
| 080 |
|
|
|a 785.12
|2 MRF
|
| 080 |
|
|
|a 78.087
|2 MRF
|
| 100 |
1 |
|
|a Stuchlý, Josef,
|d 1921-
|7 mzk2007411263
|4 cmp
|4 lyr
|
| 245 |
1 |
0 |
|a Můj milý
|h [hudebnina] :
|b polka /
|c hudba + text Josef Stuchlý
|
| 254 |
|
|
|a Hlasy
|
| 260 |
|
|
|a Davle u Prahy :
|b Hudební nakladatelství Antonína Borovičky,
|c c2003
|
| 300 |
|
|
|a 15 hlasů ;
|c 30 cm
|
| 650 |
0 |
7 |
|a polky (zpěv, dechový orchestr)
|7 ph321605
|2 czenas
|
| 650 |
0 |
4 |
|a dechový orchestr
|z Česko
|y stol. 21.
|
| 655 |
|
7 |
|a hlasy
|7 fd186703
|2 czenas
|
| 910 |
|
|
|a BOA001
|b Mus4-1183.892
|
| 990 |
|
|
|a MU
|
| 991 |
|
|
|b 200705
|c NOV
|
| 996 |
6 |
|
|b 2610306937
|c Mus4-1183.892
|l MZK
|r Sklad / do 1 hodiny
|n 0
|w 000848186
|u 000010
|a 1
|e BOA001
|j MZK50
|s P
|